000 00706nam a2200289Ia 4500
005 20260324130535.0
008 008 260324s9999 xx 000 0 eng d
020 _a9781315611815
037 _aEBOOK
040 _aCRL
040 _beng
040 _cCRL
041 _2eng
041 _aeng
084 _qCRL
100 _aTony Davis; Neil Flynn; Maggie Cutt; Peter Mowl
_91182169
245 0 _aTalent Assessment
245 2 _bA New Strategy for Talent Management
260 _bTaylor and Francis
260 _c2007
365 _a
365 _b230
856 _uhttp://www.taylorfrancis.com/books/9781315611815
942 _cEBOOK
999 _c1778414
_d1778414